Дело об отказе пансионерке Театрального училища Анне Смирновой в переводе её на казенный счет

Доступно только в Электронных читальных залах Найти на картеНа карте
RUSMARC
00004212nmc2a22000003x 450
0011193f3a8-4aca-4aa3-aaa8-ab43e981904e
00520181129103218.0
100##$a20170110l18261829k l0rusy0189 ca
1010#$arus
102##$aRU
2001#$aДело об отказе пансионерке Театрального училища Анне Смирновой в переводе её на казенный счет
$j6 октября 1826 г. - 19 января 1829 г.
251##$cДело
300##$aНа обложке указана начальная дата: 22 сентября 1828 года
300##$aОриг. заголовок дела: Дело об отказе в помещении находящейся в школе воспитанницы Смирновой на казенное содержание и об оставлении её пансионеркой. 6 октября 1826 г. - 19 января 1829 г
801#0$aRU
$bРГИА
$c20170110
$gRCR
801#1$aRU
$bГлавНИВЦ
$c20170110
$2rusmarc
801#2$aRU
$bПБ им. Б.Н. Ельцина
$c20181129
$gRCR
$2rusmarc
850##$aРГИА
852##$aРГИА
$eФедеральное казенное учреждение "Российский государственный исторический архив" (РГИА)
$j3041
937##$hРГИА
$d12234794
$aASBIBLIO_SCAN
462#0$1001dd3991dc-24e1-42ec-8838-ca4255420416
$12001
$aДирекция императорских театров (1746-1850 гг.)
$1251
$cОпись
$1852
$j1
461#0$10019264ebf8-de62-4f1a-9eb4-9f22098dbbd5
$12001
$aДирекция императорских театров Министерства императорского двора
$1251
$cФонд
$1852
$j497
215##$a24 л.
$d36,5х26 см
371##$aДокумент не является опубликованным и широко распространяемым
105##$ay###
1222#$ad
5171#$aДело об отказе в помещении находящейся в школе воспитанницы Смирновой на казенное содержание и об оставлении её пансионеркой. 6 октября 1826 г. - 19 января 1829 г
035##$a1193f3a8-4aca-4aa3-aaa8-ab43e981904e
856##$uhttp://readingroom.main.prlib.ru/item.aspx?id_node=n121130569&mode=full
Формат отображения